01077ngm a2200301 4500003000400000005001700004007000400021008004000025010001500065024002300080035001500103040001300118082001500131245007400146260003700220300006300257440002800320500003100348500009000379538006400469538012400533650001900657700002000676700001600696700001800712700002300730700002200753dpl20090212160849.0DVD||||||sp199 xxu|||||c|||| 00| 0 eng d aDVD-001635 c499.00 2RDE-26461 aDVD-001635 aDPLcDPL aDVD / ASGO aAs Good As It GetscColumbia Pictures Presentsh[videorecording] DVD/ bSony Pictures Sphe IndiaaMumbai a1 videodisc DVD; (132 min.) ;bsd., col. ;c4 3/4 in.fDVD aSony Home Entertainment aThis DVD is Copy Protected aGolden Globe Winner Best Picture. Best Actor: Jack Nicholson Best Actress: Helen Hunt iLanguage: Dolby Digital 5.1-EnglishSubtitles English, Hindi aAspect Ratio: 2.4:1, Presentation type:Wide Screen Presentation Size 16x9, Format DVD 9 Dual Layer Single Sided Disc. aMotion Picture aNicholson, Jack aHunt, Helen aKinnear, Greg aGooding, Jr., Cuba aMaisler, Francine